[Event "VII Lorca Open 2018"]
[Site "Lorca"]
[Date "2018.12.29"]
[Round "7"]
[White "Martin Duque, Jesus"]
[Black "Svetushkin, Dmitry"]
[Result "1/2-1/2"]
[WhiteElo "2354"]
[BlackElo "2592"]
[Annotator "TA"]
[PlyCount "88"]
[EventDate "2018.12.26"]
[EventType "swiss"]
[EventCountry "ESP"]
[SourceTitle "playchess.com"]
[Source "ChessBase"]
[SourceQuality "1"]

{[%evp 30,88,0,-6,0,0,0,-12,0,-2,16,7,39,41,28,33,25,44,34,29,52,59,99,81,91,93,176,180,213,198,177,189,205,135,133,-73,-72,-87,-76,-69,-77,-75,-91,-88,-51,-76,-83,-44,-75,-58,0,0,0,0,0,0,0,0,0,0,0]} 1. d4 Nf6 2. c4 e6 3. Nc3 Bb4 4. e3 O-O 5. Bd3 c5 6. a3 Bxc3+ 7. bxc3 d5 8. cxd5 exd5 9. Ne2 b6 10. O-O Ba6 11. f3 Re8 12. Ng3 Bxd3 13. Qxd3 Nc6 14. Ra2 Qd7 {E49: Nimzo-Indian: Rubinstein: 5 Bd3 d5 6 a3 Bxc3+ 7 bxc3} 15. Re2 Rac8 (15... Rad8 16. Rd1 h5 17. Bb2 g6 18. e4 cxd4 19. cxd4 h4 20. Nf1 h3 21. e5 Nh5 22. g3 {0-1 (34) Volkov,S (2637)-Anton Guijarro,D (2654) Linares 2017}) 16. Bb2 {LiveBook: 7 Games} Red8 17. Rd1 cxd4 $146 ({Predecessor:} 17... Na5 18. e4 b5 {1-0 (32) Souza,G (1925)-Barreto,M (1625) Caioba 2016}) 18. cxd4 Ne7 {[%cal Bc6e7,Be7g6,Bg6f8,Bf8e6][%mdl 32]} 19. e4 {[%cal Be3e4,Be4e5][%mdl 32]} Ng6 20. Qd2 h5 21. e5 h4 22. Nf1 Nh5 23. g3 {[#] Black must now prevent Qg5.} f6 24. Qd3 Nf8 25. f4 $36 {[%mdl 2048] Strongly threatening Qf3. White has some pressure.} f5 26. Qf3 g6 27. Ne3 Qf7 (27... Ne6 $16) 28. Rg2 $18 ({But not} 28. gxh4 $6 Ne6 $16) 28... hxg3 29. hxg3 Ne6 30. Rf1 Kf8 31. g4 Nhxf4 {Hoping for ...Ng5.} 32. gxf5 $2 (32. Rh2 $16 {is necessary to keep the advantage.}) 32... gxf5 $17 33. Qg3 Nxg2 34. Rxf5 {[#]} Nxe3 $1 35. Rxf7+ (35. Qxe3 Qxf5) 35... Kxf7 36. Qxe3 Ke7 37. a4 $1 Rg8+ 38. Kf1 Rcf8+ 39. Ke1 {And now Ba3+ would win.} Rf4 (39... Ke8 $15) 40. Qa3+ $11 {The position is equal.} Kf7 41. Qd6 $1 {[%cal Rd6d7]} Rg1+ 42. Ke2 Rg2+ ({Not} 42... Nxd4+ $2 43. Bxd4 Rxd4 44. e6+ Kf6 45. e7+ Kf7 46. Qd7 $18) 43. Ke1 {Threatens to win with Qd7+.} Rg1+ (43... Rxb2 $5 44. Qd7+ $8 Kf8 45. Qd6+ Kg7 46. Qe7+ Kh8 47. Qxe6 Re4+ 48. Kf1 Rf4+ 49. Ke1 Re4+ 50. Kf1 Rf4+ 51. Kg1 Rxd4 52. Qh6+ Kg8 53. Qg6+ Kh8 54. Qh6+ Kg8 55. Qg5+ Kf8 56. Qf6+ Ke8 57. Qh8+ Ke7 58. Qf6+ Ke8 59. Qh8+ Ke7 60. Qf6+ Ke8 $11) 44. Ke2 Rg2+ {Precision: White = 77%, Black = 51%.} ({Wrong is} 44... Nxd4+ $2 45. Bxd4 Rxd4 46. e6+ Kf6 47. e7+ Kf7 48. Qd7 $18) 1/2-1/2

[Event "VII Lorca Open 2018"]
[Site "Lorca"]
[Date "2018.12.29"]
[Round "7"]
[White "Gines Esteo, Pedro Antonio"]
[Black "Nasuta, Grzegorz"]
[Result "1-0"]
[WhiteElo "2339"]
[BlackElo "2530"]
[Annotator "TA"]
[PlyCount "34"]
[EventDate "2018.12.26"]
[EventType "swiss"]
[EventCountry "ESP"]
[SourceTitle "playchess.com"]
[Source "ChessBase"]
[SourceQuality "1"]

{[%evp 19,34,0,1,-10,13,-2,0,-6,0,0,24,27,28,16,22,13,14]} 1. d4 Nf6 {[%cal Bg8f6,Bf6d5,Bd5b6,Bb6a4][%mdl 32]} 2. c4 g6 3. Nc3 d5 4. cxd5 Nxd5 5. Bd2 Nb6 6. Nf3 Bg7 7. Bg5 {D90: Grünfeld: 4 Nf3 Bg7 sidelines} c5 8. dxc5 Bxc3+ 9. bxc3 Qxd1+ 10. Rxd1 Na4 {LiveBook: 11 Games} 11. Nd4 Bd7 $146 ({Predecessor:} 11... Nxc5 12. f3 Bd7 13. e4 Ba4 14. Bb5+ Bxb5 15. Nxb5 {½-½ (30) Barbosa,O (2556)-Le,Q (2709) Ho Chi Minh City 2013}) 12. f3 f6 13. Bd2 Nxc5 14. e4 O-O 15. Be3 Rc8 16. Bc4+ Kg7 17. Bd5 Rc7 {[%mdl 32768] Loss on time!?} 1-0

[Event "VII Lorca Open 2018"]
[Site "Lorca"]
[Date "2018.12.29"]
[Round "7"]
[White "Garcia Ramos, Daniel"]
[Black "Suarez Uriel, Adrian"]
[Result "0-1"]
[WhiteElo "2304"]
[BlackElo "2386"]
[Annotator "ChessBase"]
[PlyCount "28"]
[EventDate "2018.12.26"]
[EventType "swiss"]
[EventCountry "ESP"]
[SourceTitle "playchess.com"]
[Source "ChessBase"]
[SourceQuality "1"]
[TimeControl "5400+30"]

1. e4 {[%emt 0:00:00]} d6 {[%emt 0:03:23]} 2. d4 {[%emt 0:00:00]} Nf6 {[%emt 0:00:03]} 3. Nc3 {[%emt 0:00:09]} e5 {[%emt 0:00:05]} 4. Nf3 {[%emt 0:00:17]} Nbd7 {[%emt 0:00:05]} 5. Bc4 {[%emt 0:00:16]} Be7 {[%emt 0:00:04]} 6. O-O {[%emt 0:00:42]} exd4 {[%emt 0:00:33]} 7. Nxd4 {[%emt 0:01:28]} Nb6 {[%emt 0:00:06]} 8. Be2 {[%emt 0:03:39]} O-O {[%emt 0:00:31]} 9. Re1 {[%emt 0:03:13]} c6 {[%emt 0:00:19]} 10. a4 {[%emt 0:11:23]} a5 {[%emt 0:00:07]} 11. Qd3 {[%emt 0:06:42]} d5 {[%emt 0:05:48]} 12. e5 {[%emt 0:00:30]} Nfd7 {[%emt 0:00:30]} 13. Qg3 {[%emt 0:00:30]} Bh4 {[%emt 0:00:30]} 14. Qf4 {[%emt 0:00:30]} Nc5 {[%emt 0:00:30]} 0-1

[Event "VII Lorca Open 2018"]
[Site "Lorca"]
[Date "2018.12.29"]
[Round "7"]
[White "Gavarrete, Nahun"]
[Black "Low, Zhen Yu Cyrus"]
[Result "0-1"]
[WhiteElo "2304"]
[BlackElo "2384"]
[Annotator "TA"]
[PlyCount "40"]
[EventDate "2018.12.26"]
[EventType "swiss"]
[EventCountry "ESP"]
[SourceTitle "playchess.com"]
[Source "ChessBase"]
[SourceQuality "1"]

{[%evp 23,40,14,5,0,23,0,4,-23,-7,-40,0,-8,0,-20,0,-21,142,74,424]} 1. e4 c6 2. c4 d5 3. exd5 cxd5 4. cxd5 Nf6 5. Nc3 Nxd5 6. Nf3 e6 7. d4 Bb4 8. Bd2 Nc6 9. Bd3 O-O 10. O-O Be7 11. a3 Bf6 12. Qc2 {B14: Caro-Kann: Panov-Botvinnik Attack with 5...e6 and 5...g6} g6 {LiveBook: 72 Games} (12... h6 13. Rad1 Bd7 14. Nxd5 exd5 15. h3 Qb6 16. Bc3 Rfe8 17. Qd2 Rac8 18. Bb1 Re7 19. Nh2 Rce8 20. Ng4 Bxg4 21. hxg4 {1-0 (50) Artemiev,V (2706)-Malakhov,V (2661) Sochi 2018}) 13. Rad1 Nce7 14. h4 $146 {White has an edge.} ({Predecessor:} 14. Ne4 Bg7 15. Bg5 b6 16. Rfe1 Bb7 17. Qd2 Rc8 18. h4 h5 19. Bb1 Qc7 {1-0 (32) Fernandez Lledo,J (2165)-Dominguez Carnero,J (1672) Padrun 2011}) 14... Bd7 15. Ne4 Bg7 16. Rfe1 (16. h5 $5) 16... Qb6 17. Ne5 Rfd8 18. Nc5 Be8 19. Bg5 Bb5 $2 {[#]} (19... h6 $11 20. Bxe7 Nxe7) 20. h5 ({White should try} 20. Bxe7 Nxe7 21. Nxf7 Kxf7 22. Nxe6) 20... Bf6 $2 {[%mdl 40960] Accuracy: White = 11%, Black =  0%. . Loss on time!?} (20... f6 $16) 0-1

[Event "VII Lorca Open 2018"]
[Site "Lorca"]
[Date "2018.12.29"]
[Round "7"]
[White "Espineira Gonzalez, Diego"]
[Black "Serarols Mabras, Bernat"]
[Result "1/2-1/2"]
[WhiteElo "2299"]
[BlackElo "2371"]
[Annotator "NA"]
[PlyCount "34"]
[EventDate "2018.12.26"]
[EventType "swiss"]
[EventCountry "ESP"]
[SourceTitle "playchess.com"]
[Source "ChessBase"]
[SourceQuality "1"]
[TimeControl "5400+30"]

1. e4 {[%emt 0:03:48]} c6 {[%emt 0:00:01]} 2. d4 {[%emt 0:00:06]} d5 {[%emt 0:00:08]} 3. Nc3 {[%emt 0:00:21]} dxe4 {[%emt 0:00:09]} 4. Nxe4 {[%emt 0:00:05]} Nf6 {[%emt 0:00:10]} 5. Nxf6+ {[%emt 0:00:06]} exf6 {[%emt 0:00:07]} 6. c3 {[%emt 0:00:57]} Bd6 {[%emt 0:00:54]} 7. Bd3 {[%emt 0:00:22]} O-O {[%emt 0:00:12]} 8. Ne2 {[%emt 0:00:25]} Re8 {[%emt 0:00:41]} 9. Qc2 {[%emt 0:00:31]} g6 {[%emt 0:00:11]} 10. Be3 {[%emt 0:03:31]} Be6 {[%emt 0:02:49]} 11. O-O {[%emt 0:02:45]} Qc7 {[%emt 0:00:11]} 12. h3 {[%emt 0:01:04]} Nd7 {[%emt 0:00:05]} 13. Qd2 {[%emt 0:07:57]} f5 {[%emt 0:03:31]} 14. Bf4 {[%emt 0:03:31]} Nf6 {[%emt 0:06:44]} 15. Bxd6 {[%emt 0:01:43]} Qxd6 {[%emt 0:00:09]} 16. Qf4 {[%emt 0:01:03]} Rad8 {[%emt 0:04:13]} 17. Rfe1 {[%emt 0:06:53]} Nh5 1/2-1/2

[Event "VII Lorca Open 2018"]
[Site "Lorca"]
[Date "2018.12.29"]
[Round "7"]
[White "Terbe, Julianna"]
[Black "Gascon Del Nogal, Jose Rafael"]
[Result "0-1"]
[WhiteElo "2272"]
[BlackElo "2484"]
[Annotator "ChessBase"]
[PlyCount "45"]
[EventDate "2018.12.26"]
[EventType "swiss"]
[EventCountry "ESP"]
[SourceTitle "playchess.com"]
[Source "ChessBase"]
[SourceQuality "1"]
[TimeControl "5400+30"]

1. e4 {[%emt 0:00:00]} e5 {[%emt 0:01:17]} 2. Nf3 {[%emt 0:00:00]} Nc6 {[%emt 0:00:05]} 3. Bc4 {[%emt 0:00:06]} Nf6 {[%emt 0:00:18]} 4. d3 {[%emt 0:00:07]} Be7 {[%emt 0:00:12]} 5. O-O {[%emt 0:00:45]} O-O {[%emt 0:00:04]} 6. Re1 {[%emt 0:00:12]} d6 {[%emt 0:00:05]} 7. a4 {[%emt 0:00:49]} Kh8 {[%emt 0:00:06]} 8. a5 {[%emt 0:01:06]} a6 {[%emt 0:00:06]} 9. c3 {[%emt 0:00:16]} Ng8 {[%emt 0:00:58]} 10. d4 {[%emt 0:00:31]} Bg4 {[%emt 0:00:15]} 11. dxe5 {[%emt 0:03:18]} Nxe5 {[%emt 0:00:23]} 12. Be2 {[%emt 0:00:10]} Bxf3 {[%emt 0:00:03]} 13. Bxf3 {[%emt 0:00:10]} Bg5 {[%emt 0:00:02]} 14. Be2 {[%emt 0:09:51]} Bxc1 {[%emt 0:01:47]} 15. Qxc1 {[%emt 0:00:05]} Qh4 {[%emt 0:03:51]} 16. Qe3 {[%emt 0:01:45]} Nf6 {[%emt 0:03:22]} 17. Nd2 {[%emt 0:02:35]} Rfe8 {[%emt 0:10:47]} 18. Nf3 {[%emt 0:10:03]} Nxf3+ 19. Bxf3 {[%emt 0:00:10]} Re5 {[%emt 0:01:33]} 20. g3 {[%emt 0:03:19]} Qh3 {[%emt 0:01:11]} 21. Bg2 {[%emt 0:00:42]} Qh5 {[%emt 0:01:40]} 22. Bf3 {[%emt 0:06:27]} Qg6 {[%emt 0:01:23]} 23. Bg2 {[%emt 0:10:47]} 0-1

[Event "VII Lorca Open 2018"]
[Site "Lorca"]
[Date "2018.12.29"]
[Round "7"]
[White "Kovacevic, Slobodan"]
[Black "Vazquez Igarza, Renier"]
[Result "0-1"]
[WhiteElo "2245"]
[BlackElo "2570"]
[Annotator "TA"]
[PlyCount "75"]
[EventDate "2018.12.26"]
[EventType "swiss"]
[EventCountry "ESP"]
[SourceTitle "playchess.com"]
[Source "ChessBase"]
[SourceQuality "1"]

{[%evp 9,75,19,34,3,54,50,81,16,18,23,27,9,16,0,0,0,0,-18,-10,-39,-39,-51,-52,-49,-56,-74,-48,-47,-55,-52,-41,-88,-87,-80,-80,-93,-89,-87,-84,-84,-83,-93,-93,-82,-82,-89,-61,-80,-69,-92,-41,-43,-59,-58,-58,-65,-60,-50,-17,-33,-24,-11,-12,-45,-41,-122,-79,-80]} 1. d4 Nf6 2. Bf4 c5 3. e3 Nd5 4. Bg3 Qb6 5. b3 cxd4 {LiveBook: 9 Games} 6. Qxd4 {A45: Trompowsky Attack} Nb4 $146 (6... Qxd4 $11 7. exd4 Nc6) ({Predecessor:} 6... e6 7. Qxb6 axb6 8. c3 Nc6 9. Ne2 Be7 10. e4 Nf6 11. Nd2 {0-1 (27) Muschik,B (2353)-Moiseenko,A (2707) Helsingor 2014}) 7. Qd2 d6 8. c3 ({Better is} 8. Nf3 $16) 8... N4c6 $11 9. Nf3 g6 10. Na3 Bg7 11. Rc1 O-O 12. Be2 Nd7 {[%cal Bb8d7,Bd7c5,Bc5e4][%mdl 32]} 13. O-O Nc5 14. Nd4 Ne4 15. Qc2 Nxg3 16. hxg3 d5 17. Qd2 Rd8 18. Rfd1 e5 19. Nxc6 bxc6 {[%cal Bb7c6,Bc6c5,Bc5c4][%mdl 32]} 20. Nc4 Qc7 21. b4 Be6 22. Na5 c5 23. Nb3 c4 24. Nc5 e4 25. a4 a5 26. Nxe6 fxe6 27. b5 Rab8 28. Rf1 Rf8 29. g4 Qe7 (29... Rf7 $17 30. Rfd1 Rbf8) 30. f4 exf3 31. gxf3 Qa3 32. Bd1 $1 Rbd8 33. Kg2 Qc5 34. Rh1 e5 35. Be2 Bf6 36. Rhf1 Rfe8 37. Rf2 ({White should try} 37. e4 $15) 37... Bh4 38. Rff1 {Accuracy: White = 46%, Black = 70%.} 0-1

[Event "VII Lorca Open 2018"]
[Site "Lorca"]
[Date "2018.12.29"]
[Round "7"]
[White "Bharath Subramaniyam H"]
[Black "Luch, Michal"]
[Result "0-1"]
[WhiteElo "2234"]
[BlackElo "2360"]
[Annotator "ChessBase"]
[PlyCount "53"]
[EventDate "2018.12.26"]
[EventType "swiss"]
[EventCountry "ESP"]
[SourceTitle "playchess.com"]
[Source "ChessBase"]
[SourceQuality "1"]
[TimeControl "5400+30"]

1. e4 {[%emt 0:00:00]} c5 {[%emt 0:00:00]} 2. c3 {[%emt 0:00:00]} Nf6 {[%emt 0:00:00]} 3. e5 {[%emt 0:00:00]} Nd5 {[%emt 0:00:00]} 4. Nf3 {[%emt 0:00:01]} e6 {[%emt 0:00:00]} 5. Bc4 {[%emt 0:01:19]} b6 {[%emt 0:02:33]} 6. Bxd5 {[%emt 0:07:33]} exd5 {[%emt 0:00:01]} 7. d4 {[%emt 0:00:10]} d6 {[%emt 0:03:05]} 8. O-O {[%emt 0:03:11]} Be7 {[%emt 0:00:29]} 9. Bf4 {[%emt 0:02:41]} O-O {[%emt 0:01:41]} 10. Na3 {[%emt 0:01:56]} dxe5 {[%emt 0:11:13]} 11. Nxe5 {[%emt 0:00:39]} cxd4 {[%emt 0:00:40]} 12. Qxd4 {[%emt 0:01:04]} Bxa3 {[%emt 0:01:30]} 13. bxa3 {[%emt 0:00:02]} Be6 {[%emt 0:00:29]} 14. Rfe1 {[%emt 0:04:16]} Nd7 {[%emt 0:02:04]} 15. Nc6 {[%emt 0:08:14]} Qf6 {[%emt 0:03:06]} 16. Qd2 {[%emt 0:00:16]} h6 {[%emt 0:03:11]} 17. Bd6 {[%emt 0:15:45]} Rfe8 {[%emt 0:00:23]} 18. Re3 {[%emt 0:01:19]} Rac8 {[%emt 0:05:03]} 19. Rf3 {[%emt 0:02:27]} Qxf3 {[%emt 0:00:12]} 20. Ne7+ {[%emt 0:00:26]} Rxe7 {[%emt 0:00:05]} 21. gxf3 {[%emt 0:00:01]} Ree8 {[%emt 0:00:02]} 22. Kg2 {[%emt 0:01:09]} Rc6 {[%emt 0:13:03]} 23. Bf4 {[%emt 0:01:59]} Rec8 {[%emt 0:00:08]} 24. Rc1 {[%emt 0:00:14]} Rc4 {[%emt 0:00:07]} 25. Be3 {[%emt 0:01:20]} Ne5 {[%emt 0:00:08]} 26. f4 {[%emt 0:07:02]} Ng6 {[%emt 0:01:16]} 27. Qb2 {[%emt 0:07:54]} 0-1

[Event "VII Lorca Open 2018"]
[Site "Lorca"]
[Date "2018.12.29"]
[Round "7"]
[White "Salvador Lopez, Daniel"]
[Black "Morozov, Nichita"]
[Result "1/2-1/2"]
[WhiteElo "2177"]
[BlackElo "2439"]
[Annotator "NA"]
[PlyCount "54"]
[EventDate "2018.12.26"]
[EventType "swiss"]
[EventCountry "ESP"]
[SourceTitle "playchess.com"]
[Source "ChessBase"]
[SourceQuality "1"]
[TimeControl "5400+30"]

1. d4 {[%emt 0:06:16]} Nf6 {[%emt 0:00:00]} 2. Bg5 {[%emt 0:00:26]} e6 {[%emt 0:01:21]} 3. Nd2 {[%emt 0:00:18]} h6 {[%emt 0:00:11]} 4. Bh4 {[%emt 0:00:58]} Nc6 {[%emt 0:06:12]} 5. e3 {[%emt 0:00:51]} d6 {[%emt 0:00:28]} 6. Ngf3 {[%emt 0:03:16]} g5 {[%emt 0:00:08]} 7. Bg3 {[%emt 0:00:17]} Nh5 {[%emt 0:00:04]} 8. Ne5 {[%emt 0:07:04]} Nxg3 {[%emt 0:00:10]} 9. Nxc6 bxc6 {[%emt 0:00:02]} 10. hxg3 {[%emt 0:00:23]} Bg7 {[%emt 0:00:03]} 11. Qf3 {[%emt 0:01:21]} Bb7 {[%emt 0:00:21]} 12. Ba6 {[%emt 0:01:09]} Qc8 {[%emt 0:00:04]} 13. Bxb7 Qxb7 {[%emt 0:00:02]} 14. O-O {[%emt 0:03:59]} O-O {[%emt 0:00:15]} 15. g4 {[%emt 0:03:24]} f5 {[%emt 0:02:43]} 16. Rab1 {[%emt 0:01:52]} Rae8 {[%emt 0:02:19]} 17. gxf5 exf5 18. Qe2 {[%emt 0:16:13]} Kh8 {[%emt 0:01:28]} 19. Qd3 {[%emt 0:01:26]} Qc8 {[%emt 0:00:46]} 20. c3 {[%emt 0:03:10]} d5 {[%emt 0:02:02]} 21. f4 {[%emt 0:03:34]} g4 {[%emt 0:00:03]} 22. g3 {[%emt 0:05:26]} h5 {[%emt 0:00:56]} 23. Kf2 {[%emt 0:00:27]} Kh7 {[%emt 0:00:02]} 24. Nb3 {[%emt 0:02:23]} Kg6 {[%emt 0:00:18]} 25. Nc5 {[%emt 0:00:47]} Rh8 {[%emt 0:00:09]} 26. Qa6 {[%emt 0:01:28]} Qxa6 {[%emt 0:00:19]} 27. Nxa6 {[%emt 0:00:12]} Re7 {[%emt 0:00:21]} 1/2-1/2

[Event "VII Lorca Open 2018"]
[Site "Lorca"]
[Date "2018.12.29"]
[Round "7"]
[White "Ajay Karthikeyan"]
[Black "Ramiro Ovejero, Juan Luis"]
[Result "1/2-1/2"]
[WhiteElo "2143"]
[BlackElo "2358"]
[Annotator "NA"]
[PlyCount "57"]
[EventDate "2018.12.26"]
[EventType "swiss"]
[EventCountry "ESP"]
[SourceTitle "playchess.com"]
[Source "ChessBase"]
[SourceQuality "1"]
[TimeControl "5400+30"]

1. d4 {[%emt 0:01:22]} d5 {[%emt 0:00:22]} 2. Bf4 {[%emt 0:01:04]} Nf6 {[%emt 0:00:14]} 3. e3 {[%emt 0:00:05]} e6 {[%emt 0:00:13]} 4. Nf3 {[%emt 0:00:07]} Bd6 {[%emt 0:00:32]} 5. Bg3 {[%emt 0:00:10]} c5 {[%emt 0:00:14]} 6. c3 {[%emt 0:00:04]} O-O {[%emt 0:00:21]} 7. Nbd2 {[%emt 0:00:15]} Nc6 {[%emt 0:00:13]} 8. Bd3 {[%emt 0:00:34]} Qe7 {[%emt 0:01:43]} 9. Ne5 {[%emt 0:00:15]} Nd7 {[%emt 0:00:11]} 10. Nxd7 {[%emt 0:00:22]} Qxd7 {[%emt 0:00:19]} 11. dxc5 {[%emt 0:01:06]} Bxc5 {[%emt 0:01:17]} 12. O-O {[%emt 0:03:44]} Bd6 {[%emt 0:05:09]} 13. Nf3 {[%emt 0:18:46]} Bxg3 {[%emt 0:06:37]} 14. hxg3 {[%emt 0:00:05]} Qe7 {[%emt 0:07:39]} 15. e4 {[%emt 0:03:04]} dxe4 16. Bxe4 {[%emt 0:00:05]} Bd7 17. Qe2 {[%emt 0:04:48]} Rfd8 {[%emt 0:09:03]} 18. Rfd1 {[%emt 0:02:25]} Be8 {[%emt 0:00:17]} 19. Qe3 {[%emt 0:10:07]} h6 {[%emt 0:04:33]} 20. Nd4 {[%emt 0:05:27]} Nxd4 {[%emt 0:05:08]} 21. Rxd4 {[%emt 0:01:04]} Rxd4 {[%emt 0:00:45]} 22. Qxd4 {[%emt 0:00:27]} Qc7 {[%emt 0:04:52]} 23. Rd1 {[%emt 0:02:22]} Bc6 {[%emt 0:00:45]} 24. Qc5 {[%emt 0:05:17]} Rd8 {[%emt 0:03:22]} 25. Rxd8+ {[%emt 0:00:38]} Qxd8 {[%emt 0:00:03]} 26. Bxc6 {[%emt 0:00:16]} bxc6 {[%emt 0:00:04]} 27. Qxa7 {[%emt 0:04:38]} Qd1+ {[%emt 0:00:06]} 28. Kh2 {[%emt 0:00:01]} Qh5+ {[%emt 0:00:05]} 29. Kg1 {[%emt 0:00:03]} 1/2-1/2

[Event "VII Lorca Open 2018"]
[Site "Lorca"]
[Date "2018.12.29"]
[Round "7"]
[White "Korneev Leskova, Svyatoslav"]
[Black "Pogorelov, Ruslan"]
[Result "1-0"]
[WhiteElo "2134"]
[BlackElo "2354"]
[Annotator "NA"]
[PlyCount "60"]
[EventDate "2018.12.26"]
[EventType "swiss"]
[EventCountry "ESP"]
[SourceTitle "playchess.com"]
[Source "ChessBase"]
[SourceQuality "1"]
[TimeControl "5400+30"]

1. c4 {[%emt 0:00:00]} c5 {[%emt 0:00:00]} 2. Nc3 {[%emt 0:00:00]} g6 {[%emt 0:00:00]} 3. g3 {[%emt 0:00:00]} Bg7 {[%emt 0:00:07]} 4. Bg2 {[%emt 0:00:07]} Nc6 {[%emt 0:00:11]} 5. Nf3 {[%emt 0:00:09]} b6 {[%emt 0:00:33] A37: Symmetrical English vs ...g6: 4 Bg2 Bg7 5 Nf3} (5... e6 6. d4 cxd4 7. Nb5 d5 8. cxd5 Qa5+ 9. Nd2 exd5 10. Nd6+ Kf8 11. Nxc8 Rxc8 12. O-O Nge7 13. Nf3 h6 14. h4 Bf6 15. Bd2 Qb6 16. b4 Kg7 17. Rb1 {½-½ (40) Grischuk,A (2766)-So,W (2778) Paris 2018}) 6. d3 {[%emt 0:00:37]} Bb7 {[%emt 0:01:07]} 7. e4 {[%emt 0:00:25]} d6 {[%emt 0:01:26]} 8. O-O {[%emt 0:00:22]} Qd7 {[%emt 0:01:36]} 9. Be3 {[%emt 0:00:16]} Nd4 {[%emt 0:03:14]} 10. Bxd4 {[%emt 0:01:34]} cxd4 {[%emt 0:01:29]} 11. Nb5 {[%emt 0:00:20]} e5 {[%emt 0:01:13]} 12. Qa4 {[%emt 0:00:05]} Ke7 {[%emt 0:04:35]} 13. Qb4 $146 {[%emt 0:02:14]} a6 {[%emt 0:01:27]} 14. Na3 {[%emt 0:01:33]} Qc7 {[%emt 0:01:02]} 15. Nc2 {[%emt 0:01:48]} Qc5 {[%emt 0:02:40]} 16. Qe1 {[%emt 0:02:38]} Nf6 {[%emt 0:02:37]} 17. Nd2 {[%emt 0:12:41]} Rhe8 {[%emt 0:06:17]} 18. Qe2 {[%emt 0:03:44]} Kf8 {[%emt 0:02:10]} 19. Bh3 {[%emt 0:05:32]} b5 {[%emt 0:00:51]} 20. Nb3 {[%emt 0:02:21]} Qb6 {[%emt 0:00:41]} 21. cxb5 {[%emt 0:00:15]} d5 {[%emt 0:13:59]} 22. bxa6 {[%emt 0:06:29]} Rxa6 {[%emt 0:00:40]} 23. exd5 {[%emt 0:03:23]} Bxd5 {[%emt 0:00:36]} 24. Qd2 {[%emt 0:00:35]} Rb8 {[%emt 0:01:39]} 25. Rfb1 {[%emt 0:02:59]} Ra4 {[%emt 0:03:25]} 26. Bg2 {[%emt 0:07:11]} e4 {[%emt 0:01:13]} 27. dxe4 {[%emt 0:10:50]} Nxe4 {[%emt 0:00:15]} 28. Qd3 {[%emt 0:00:37]} f5 {[%emt 0:01:05]} 29. Qd2 {[%emt 0:35:45]} Qb5 $2 {[%emt 0:48:22]} (29... Nxd2 $19 30. Bxd5 Nxb1 31. Rxb1 Rd8) 30. Qd3 $2 (30. Bxe4 $11 Bxe4 31. Ncxd4) 30... Qb6 $11 (30... Qxd3 $19 31. f3 Qxc2 32. fxe4 Bxb3 33. axb3 Rxb3 34. Rxa4 Qxb1+ 35. Bf1 Rf3 36. Ra8+ Kf7 37. Ra7+ Kg8 38. Ra8+ Bf8 39. Rxf8+ Kxf8 40. h3 Qxf1+ 41. Kh2 Rf2#) 1-0

[Event "VII Lorca Open 2018"]
[Site "Lorca"]
[Date "2018.12.29"]
[Round "7"]
[White "Cebrian Flores, Juan Antonio"]
[Black "Guerra Rivera, Salvador"]
[Result "0-1"]
[WhiteElo "2015"]
[BlackElo "2343"]
[Annotator "ChessBase"]
[PlyCount "36"]
[EventDate "2018.12.26"]
[EventType "swiss"]
[EventCountry "ESP"]
[SourceTitle "playchess.com"]
[Source "ChessBase"]
[SourceQuality "1"]
[TimeControl "5400+30"]

1. d4 {[%emt 0:01:41]} e6 {[%emt 0:00:00]} 2. c4 {[%emt 0:00:46]} Nf6 {[%emt 0:00:03]} 3. g3 {[%emt 0:00:50]} d5 {[%emt 0:00:11]} 4. Nf3 {[%emt 0:00:18]} dxc4 {[%emt 0:00:35]} 5. Bg2 {[%emt 0:01:04]} Bd7 {[%emt 0:00:37]} 6. Ne5 {[%emt 0:08:24]} Bc6 {[%emt 0:00:18]} 7. Nxc6 {[%emt 0:00:12]} Nxc6 {[%emt 0:00:06]} 8. Bxc6+ {[%emt 0:00:22]} bxc6 {[%emt 0:00:05]} 9. O-O {[%emt 0:03:37]} c5 {[%emt 0:07:09]} 10. Qa4+ {[%emt 0:17:24]} Qd7 {[%emt 0:00:18]} 11. Qxd7+ Nxd7 {[%emt 0:00:53]} 12. dxc5 {[%emt 0:10:31]} Bxc5 {[%emt 0:01:30]} 13. a4 {[%emt 0:07:08]} a5 {[%emt 0:07:37]} 14. Bd2 {[%emt 0:03:54]} O-O {[%emt 0:06:40]} 15. Rc1 {[%emt 0:05:13]} Nb6 {[%emt 0:00:50]} 16. Na3 {[%emt 0:03:22]} Bxa3 17. Rxa3 {[%emt 0:00:25]} Rfd8 {[%emt 0:10:35]} 18. Be3 {[%emt 0:03:57]} Rd6 {[%emt 0:14:28]} 0-1

[Event "VII Lorca Open 2018"]
[Site "Lorca"]
[Date "2018.12.30"]
[Round "8"]
[White "Svetushkin, Dmitry"]
[Black "Arjun Kalyan"]
[Result "1/2-1/2"]
[WhiteElo "2592"]
[BlackElo "2406"]
[Annotator "TA"]
[PlyCount "60"]
[EventDate "2018.12.26"]
[EventType "swiss"]
[EventCountry "ESP"]
[SourceTitle "playchess.com"]
[Source "ChessBase"]
[SourceQuality "1"]

{[%evp 28,60,43,39,49,16,15,12,43,10,47,47,49,47,54,35,70,0,0,0,0,0,0,-133,-23,-101,-100,-147,-154,-131,-168,-171,-47,-47,-47]} 1. e4 e5 2. Nf3 Nc6 3. Bb5 a6 4. Ba4 Nf6 5. O-O Be7 6. Re1 b5 7. Bb3 d6 8. c3 {[%cal Bc2c3,Bc3c4][%mdl 32]} O-O 9. h3 Nb8 {[%cal Bc6b8,Bb8d7,Bd7b6][%mdl 32]} 10. d4 Nbd7 11. c4 c6 12. Qc2 {C95: Closed Ruy Lopez: Breyer Variation with 10 d4} Bb7 13. Nc3 b4 14. Ne2 c5 15. d5 {LiveBook: 3 Games} Nb6 16. Kh2 $146 ({Predecessor:} 16. a4 a5 17. Ng3 g6 18. Bh6 Re8 19. Rf1 Bf8 {½-½ (44) Milliet,S (2352)-Muzychuk,A (2587) Riga 2017}) 16... a5 {aiming for ...a4.} 17. a4 Ne8 18. g4 g6 19. Bh6 Ng7 20. Ng3 Bc8 21. Rg1 f6 22. Nf5 ({White should try} 22. Nf1 $14) 22... gxf5 $11 23. gxf5 Rf7 24. Rg2 Bf8 25. Qd3 (25. Rag1 $11) 25... Qe8 (25... Kh8 $1 $17 {White must now prevent ...Nh5.} 26. Qd2 Ba6) 26. Bd1 (26. Nd2 $1 $11) 26... Kh8 $1 $17 {Strongly threatening ...Nxf5.} 27. Nh4 {[#]} Nxf5 $1 28. Nxf5 Bxf5 29. Bxf8 {[#]} Qxf8 ({Worse is} 29... Rxf8 30. exf5 Rg8 31. b3 $11) (29... Bxe4 $1 $19 30. Qxe4 Qxf8) 30. exf5 $15 Qh6 {Precision: White = 38%, Black = 35%.} 1/2-1/2